000 002340000a22000970004500
100 1 _aHirsch, Dean
245 1 0 _aTaking the whole message to the whole world
300 _aNúm 51 (1996), Páginas 4-6
773 0 _tTogether
942 _cANA
999 _c57181
_d57181